Francisco Oller un realista del impresionismo = Francisco Oller a realistimpressionist (Record no. 6010)

MARC details
000 - LÍDER
campo de control de longitud fija 01259nam a2200217Ia 4500
008 - ELEMENTOS DE DATOS DE LONGITUD FIJA - INFORMACIÓN GENERAL
campo de control de longitud fija 0000001983 pr a 0000000000spa00
090 ## - NÚMERO DE LLAMADA DE TIPO LC LOCALMENTE ASIGNADO (OCLC)
Número de clasificación (OCLC) (R) PPR00 O44f
100 1# - ENTRADA PRINCIPAL - NOMBRE PERSONAL
Nombre de la persona Oller, Francisco
Fechas asociadas a un nombre 1833
245 10 - TÍTULO DECLARACIÓN
Título Francisco Oller un realista del impresionismo = Francisco Oller a realistimpressionist
Declaración de responsabilidad / editor Marimar Benítez ; traducción Conchita García Gustin, Marimar Benítez, René Taylor ; fotografías Jochi Melero
260 ## - PUBLICACIÓN, DISTRIBUCIÓN
Lugar de publicación Ponce : Museo de Arte de Ponce
Fecha de publicación 1983
300 ## - DESCRIPCIÓN FÍSICA
Alcance 233 p.
Dimensiones / 28 cm.
500 ## - NOTA GENERAL
Nota general Exposiciónorganizada por el Museo de Arte de Ponce en conmemoración del sesquicentenario del natalicio del pintor puertorriqueño Francisco Oller (18331917) \ Exposición realizada en el Museo de Arte de Ponce, Junio 17, 1983 Diciembre 30, 1983 \ Con el patronazgo del maestro venezolano Jesús Rafael Soto (q.e.p.d.)
600 00 - ENTRADA DE SUJETO AÑADIDO - NOMBRE PERSONAL
Nombre de la persona OLLER, FRANCISCO, 1833191/
Subdivisión general TRABAJOS PICTORICOS
650 14 - ENTRADA DE SUJETO AÑADIDO - TÉRMINO TÓPICO
Término tópico o elemento de entrada del nombre geográfico ARTE MODERNO PUERTORRIQUEÑO
650 14 - ENTRADA DE SUJETO AÑADIDO - TÉRMINO TÓPICO
Subdivisión general CATALOGOS
650 14 - ENTRADA DE SUJETO AÑADIDO - TÉRMINO TÓPICO
Subdivisión general EXPOSICIONES
650 14 - ENTRADA DE SUJETO AÑADIDO - TÉRMINO TÓPICO
Término tópico o elemento de entrada del nombre geográfico PINTORES PUERTORRIQUEÑOS
650 14 - ENTRADA DE SUJETO AÑADIDO - TÉRMINO TÓPICO
Término tópico o elemento de entrada del nombre geográfico PINTURA PUERTORRIQUEÑA
700 1# - ENTRADA AGREGADA - NOMBRE PERSONAL
Nombre de la persona Benítez, Marimar, ed. \ Melero, Jochi \ García Gustin, Conchita, tr. \ Taylor, René, tr.
Holdings
Estado de retirada Pérdida de estatus Estado dañado No para préstamo Código de recogida Ubicación permanente Ubicación actual Ubicación de las estanterías Fecha de adquisición Número de llamada completo Código de barras Fecha de la última vez que se vio Número de copia Precio efectivo desde Tipo de artículo Koha
        General ArtNexus ArtNexus General 06/09/2022 P-PR-00 O44F 6014 06/09/2022 Ej.1 06/09/2022 Libro

Powered by Koha